00650cam a22001932 4500001001100000005001700011008004100028020001700069040001500086100003000101245013300131250001600264260004700280300001700327650004300344700003300387700003300420852000300453000002513020151217152308.0141205s xx 000 0 eng d a8122427639 : aKABUcKABU1 aKaushik, C.P.@000018554210aBasic civil and environmental engineering (as per Pune University syllabus) /cby C.P. Kaushik, S.S. Bhavikatti, Anubha kaushik. aNew Age ed. aNew delhi :bNew Age International,c2010. axii, 183 p. 0aEnvironmental engineering.@00001562001 aBhavikatti, S.S.@00001855431 aKaushik, Anubha.@00001855441